000 01309nam a2200337 a 4500
001 vtls001465726
003 NLI
005 20210627125656.0
008 121201s1970 waua f000 0 eng
039 9 _y201212011831
_zVLOAD
040 _aNLI
_beng
_cDatasoft_FOD
_eAACR2
041 0 _aeng
044 _a wau
082 0 4 _a 628.44
100 1 _aTruitt, Marcus M.,
_d1921-
_91022030
245 1 0 _aMathematical modeling of solid waste collection policies /
_cby Marcus M. Truitt, Jon C. Liebman and Cornelius W. Kruse
260 _a[Washington] :
_bU.S. Bureau of Solid Waste Management; [for sale by the Supt. of Docs., U.S. Govt. Print. Off.],
_c1970
300 _axvii, 220, 69 p. :
_bill. ;
_c26 cm.
440 0 _aPublic Health Service publication ;
_vno. 2030
_9723982
650 0 _aRefuse and refuse disposal
_xMathematical models
_91019986
700 1 _aLiebman, Jon C.,
_d1934-,
_4jt. aut
_91022031
700 1 _aKruse, Cornelius W.,
_d1913-,
_4jt. aut
_91022032
710 2 _aJohns Hopkins University
_9784862
710 1 _aUnited States.
_bBureau of Solid Waste Management
_91022033
887 _a
901 _aAD 770
_b02.12.1975
_9vno.2030
902 _aU.S 628.44 T 769
904 _lC 8526
949 _AVIRTUAITEM
_D10002
_X100
_6FOD000000770ENG
_9vno.2030
942 _2ddc
_cBKS
999 _aVIRTUA40
_c915538
_d915538